| 000 | 01183nam a2200361 i 4500 | ||
|---|---|---|---|
| 001 | 192633 | ||
| 003 | SpMaBN | ||
| 005 | 20250801094125.0 | ||
| 007 | ta | ||
| 008 | 230517s2021 sp | |||| 000 0 spa | ||
| 017 |
_aM 22527-2021 _bOficina Depósito Legal Madrid |
||
| 020 | _a9788412100990 | ||
| 040 |
_aSpMaBN _bspa _cES-MaACL _erda |
||
| 080 | _a82.09 | ||
| 245 | 0 | 0 |
_aUmbrales de vanguardia / _cCarlos García (coordinador) |
| 250 | _aPrimera edición, septiembre de 2021 | ||
| 264 | 1 |
_aMadrid : _bAlbert editor, _c2021. |
|
| 300 |
_a594 páginas ; _c21 cm |
||
| 336 |
_aTexto _2rdacontent |
||
| 337 |
_asin mediación _2rdamedia |
||
| 338 |
_avolumen _2rdacarrier |
||
| 490 | 1 | _aEstudios literarios | |
| 500 | _aEjemplar número 39 de una tirada de 100 | ||
| 500 | _aÍndice | ||
| 504 | _aReferencias bibliográficas | ||
| 650 | 7 |
_aLiteratura experimental _2embne _9193616 |
|
| 700 | 1 |
_aGarcía, Carlos, _d1953- _9139896 _epbl |
|
| 830 | 0 |
_aEstudios literarios _9181462 |
|
| 852 |
_aEs-MaACL _bR. 153381 _jN-8262 _cDEPOJ _hDonación: Editorial _9199927 |
||
| 942 |
_n0 _cMONOGRAFIA |
||
| 999 |
_c192633 _d192633 |
||